| Поле | Инд. | ПП | Название | Значение |
|---|---|---|---|---|
| Тип записи | a | |||
| Библиографический уровень | b | |||
| 001 | Контрольный номер | RU/IS/BASE/196351531 | ||
| 005 | Дата корректировки | 20200630193236.7 | ||
| 084 | a | Индекс другой классификации/Индекс ББК | 88.5в686с51 | |
| 100 | 1_ | a | Автор | Войскунский А. Е. |
| 100 | 1_ | a | Автор | Скрипкин С. В. |
| 245 | 10 | a | Заглавие | Качественный анализ данных как инструмент научного исследования |
| 504 | a | Библиография | Библиогр.: с. 108 - 109 | |
| 650 | 04 | a | Основная рубрика | психология |
| a | Основная рубрика | социальная психология | ||
| 653 | 0_ | a | Ключевые слова | качественный анализ данных |
| a | Ключевые слова | компьютерные технологии | ||
| a | Ключевые слова | методика психологического исследования | ||
| a | Ключевые слова | объективность | ||
| a | Ключевые слова | оценка качественного исследования | ||
| a | Ключевые слова | оценка количественного исследования | ||
| a | Ключевые слова | программное обеспечение | ||
| a | Ключевые слова | прозрачность | ||
| a | Ключевые слова | психологические исследования | ||
| a | Ключевые слова | социально-психологические исследования | ||
| a | Ключевые слова | триангуляция | ||
| 773 | 18 | t | Заглавие источника | Вестник Московского университета. Серия 14, Психология |
| d | Дата издания источника | 2001 | ||
| g | Прочая информация | № 2. - С. 93 - 109 : табл., диагр. | ||
| w | Контрольный № источника | RU/IS/BASE/134576359 | ||
| 901 | t | Тип документа | b |